000 00446nam a2200205Ia 4500
005 20250425160855.0
008 250425s9999 xx 000 0 und d
020 _a0895202034
041 _aeng
082 _a622.3382
100 _aSMITH, DWIGHT K.
245 0 _aCEMENTING
250 _aS.E.
260 _aEstados Unidos
_bSPE
_c1976
260 _aNEW YORK
300 _a184
650 _aCEMENTACION
942 _c01
010 _a7354
999 _c197944
_d197944